| 000 | 01188nam a22003257a 4500 | ||
|---|---|---|---|
| 001 | 000611 | ||
| 003 | DO-SdBNP | ||
| 005 | 20180131150029.0 | ||
| 007 | 000611 | ||
| 008 | 161027b 1990 sp a ||||| |||| 00| 0 spa d | ||
| 020 | _a8427249438 | ||
| 040 |
_aBPMSU _bspa _cBPMSU |
||
| 041 | 1 | 7 |
_aspa _heng |
| 082 |
_axxxx _bxxxx |
||
| 100 | 1 | _aCarey, M. V. | |
| 240 | 1 | 0 |
_atThe mystery of the cranky colector. _lEspañol |
| 245 | 1 | 0 |
_aMisterio del coleccionista cascarrabias / _ctexto de M. V. Carey, basado en los personajes creados por Robert Arthur ; traducción de C. Peraire del Molino ; ilustraciones de R. Escolano. |
| 260 |
_aBarcelona : _bMolino, _c1990. |
||
| 300 |
_a170 p. : _bil. ; _c21 cm. |
||
| 490 | 1 |
_aAlfred Hitchcock y los tres investigadores _v43 |
|
| 500 | _aTraducción de: The mystery of the cranky colector. | ||
| 650 | _aCuentos infantiles estadounidenses. | ||
| 700 | 1 | _aArthur, Robert | |
| 700 | 1 |
_aPeraire del Molino, Conchita, _etr. |
|
| 700 | 1 | 2 |
_aEscolano, Ramón, _eil. |
| 830 | 0 |
_aAlfred Hitchcock y los tres investigadores ; _v43 |
|
| 942 |
_2ddc _cBK |
||
| 945 | _aInventariado, 2018/ YL | ||
| 956 |
_2LOPEREZ _310 _620161027 _8BPMSU _a00041 |
||
| 999 |
_c11706 _d11706 |
||